[Event "IECC CL8-2005.08 email"]
[Site "IECC email"]
[Date "2005.12.16"]
[Round "?"]
[White "Crowley, Michael"]
[Black "Johnson, Aaron"]
[Result "1-0"]
[WhiteElo "1021"]
[BlackElo "841"]
[PlyCount "67"]
[EventDate "2005.??.??"]
[EventType "tourn (corr)"]
[EventRounds "4"]
[SourceTitle "Corr 2008"]
[Source "ChessBase"]
[SourceDate "2008.06.24"]
[SourceVersion "1"]
[SourceVersionDate "2008.06.24"]
[SourceQuality "1"]

1. e4 e5 2. Nf3 Nc6 3. Nc3 Nf6 4. Bd3 d5 5. exd5 Nxd5 6. 0-0 Bg4 7. Re1 Qe7 8. Nxd5 Qd6 9. Ne3 Bh5 10. Nf5 Qe6 11. Ng3 g6 12. Nxh5 gxh5 13. Ng5 Qf6 14. Qxh5 0-0-0 15. Nxf7 Bc5 16. Qf5+ Qxf5 17. Bxf5+ Kb8 18. Nxd8 Rxd8 19. Bxh7 Rf8 20. Re2 Nd4 21. Rxe5 b6 22. c3 Nc6 23. Rf5 Rh8 24. Rf7 Ne5 25. Rg7 Nd3 26. Bxd3 Rf8 27. Ba6 c6 28. d4 Bd6 29. Rb7+ Kc8 30. Bh6 Re8 31. Rxb6+ Kc7 32. Rb7+ Kc8 33. Bg5 Rh8 34. Rh7+ 1-0

[Event "IECC CL8-2003.24 email"]
[Site "IECC email"]
[Date "2003.11.21"]
[Round "?"]
[White "Crowley, Michael"]
[Black "Johnson, Aaron"]
[Result "1-0"]
[WhiteElo "956"]
[BlackElo "967"]
[PlyCount "43"]
[EventDate "2003.??.??"]
[EventType "tourn (corr)"]
[EventRounds "4"]
[SourceTitle "Corr 2008"]
[Source "ChessBase"]
[SourceDate "2008.06.24"]
[SourceVersion "1"]
[SourceVersionDate "2008.06.24"]
[SourceQuality "1"]

1. e4 e5 2. Nf3 Nc6 3. Nc3 Nf6 4. Bc4 h6 5. 0-0 Bb4 6. Nb5 d6 7. c3 Ba5 8. d4 d5 9. exd5 Ne7 10. d6 cxd6 11. dxe5 Ne4 12. exd6 0-0 13. dxe7 Qxe7 14. Re1 Bf5 15. Nfd4 Rfd8 16. Nxf5 Qc5 17. Nbd4 Qxc4 18. Bxh6 gxh6 19. Qg4+ Ng5 20. Nxh6+ Kf8 21. Qxg5 b6 22. Qg8# 1-0

[Event "IECC CL8-2002.12"]
[Site "IECC email"]
[Date "2002.12.06"]
[Round "?"]
[White "Crowley, Michael"]
[Black "Ladkin, Peter"]
[Result "1-0"]
[WhiteElo "961"]
[BlackElo "804"]
[PlyCount "39"]
[EventDate "2002.??.??"]
[EventType "tourn (corr)"]
[EventRounds "4"]
[SourceTitle "Corr 2008"]
[Source "ChessBase"]
[SourceDate "2008.06.24"]
[SourceVersion "1"]
[SourceVersionDate "2008.06.24"]
[SourceQuality "1"]

1. e4 e5 2. Nc3 Nf6 3. Nf3 Nc6 4. g3 Bc5 5. Bg2 Ng4 6. Qe2 Bxf2+ 7. Kf1 Bb6 8. d4 exd4 9. Bg5 f6 10. Bf4 Nb4 11. Nb5 0-0 12. Qc4+ d5 13. exd5 Nxd5 14. Nfxd4 Rf7 15. Bxd5 Nh6 16. Bxh6 Bh3+ 17. Kf2 c6 18. Bxf7+ Kf8 19. Bh5 gxh6 20. Qf7# 1-0